| 000 | 00678nam a2200241Ia 4500 | ||
|---|---|---|---|
| 003 | OSt | ||
| 005 | 20221005041008.0 | ||
| 006 | a|||||r|||| 00| 0 | ||
| 007 | ta | ||
| 008 | 221004b |||||||| |||| 00| 0 eng d | ||
| 024 | _a122332 | ||
| 037 |
_bGift, 27/10/2012, _cTextual |
||
| 040 |
_aCRL _cCRL _beng |
||
| 041 |
_2eng _aeng |
||
| 082 | _aY131.2, N5 | ||
| 100 | _aSarkar Goutam K | ||
| 245 | 0 | _aAgriculture and rural transformation in India | |
| 260 |
_aDelhi _bOxford University Press India _c1995 |
||
| 300 |
_a232p. _ccm. |
||
| 650 | _aSOCIOLOGY | ||
| 942 |
_hY131.2, N5 _cTEXL _2cc |
||
| 999 |
_c947769 _d947769 |
||